000 00668nam a22002537a 4500
001 BR2014000851
003 BR-BrBNA
005 20240423121223.0
007 ta
008 230509b bl.||||| |||| 00| 0 por d
040 _aBR-BrBNA
_bpor
_cBiblioteca Nacional de Agricultura
041 _a(Por)
072 _aB50
100 1 _aSacramento, E. (ed.)
110 1 _aCaixa Cultural, São Paulo, SP (Brasil)
_91306
245 1 _aChove no cafezal:
_bMabe, da figura à abstração /
260 3 _aSão Paulo, SP (Brasil):
_c2013.
300 _a96 p.
500 _a60 illus
650 _aCAFEZAL
650 _aHISTÓRIA
650 _aEXPOSIÇÃO
942 _cBK
_2AGRIS
999 _c79493
_d79493